| 000 | 00536cam a2200193 a 4500 | ||
|---|---|---|---|
| 020 | _a0697224902 | ||
| 020 | _a9780697224903 | ||
| 040 | _cDLC | ||
| 082 | 0 | 0 | _a796 MCG 1996 A085 Or. |
| 245 | 0 | 0 |
_aChildren and youth in sport : _ba biopsychosocial perspective / |
| 300 |
_ax, 444 pages : _billustrations ; _c23 cm |
||
| 650 | 0 | _aSports for children | |
| 650 | 0 | _aSports for children | |
| 650 | 0 | _aSports for children | |
| 650 | 0 | _aSports for children | |
| 700 | 1 | _aSmoll, Frank L | |
| 700 | 1 | _aSmith, Ronald Edward, | |
| 942 | _cEK | ||
| 999 |
_c12924 _d12924 |
||